| 000 | 00629nam a22001817a 4500 | ||
|---|---|---|---|
| 008 | 170424b xxu||||| |||| 00| 0 eng d | ||
| 020 | _a9712703487 | ||
| 082 |
_21995 _aDFil 899.210301 _bM31 |
||
| 100 |
_920125 _aManuel, E. Arsenio |
||
| 245 |
_aA treasury of stories/ _cE. Arsenio Manuel and Gilda C. Fernando. |
||
| 260 |
_aPasig City: _bAnvil Publishing, Inc., _cc1995. |
||
| 300 |
_a239 pages: _billustrations; _c 28 cm. |
||
| 500 | _aIncludes bibliographical references. | ||
| 650 | 0 |
_920128 _aShort stories. |
|
| 700 |
_920131 _aFernando, Gilda C. |
||
| 700 |
_920134 _aValino, Carlos, Jr. _eIllustrator |
||
| 942 |
_2ddc _cDFIL |
||
| 999 |
_c6646 _d6646 |
||